000
00269nam a22001217a 4500
008
170707b xxu||||| |||| 00| 0 eng d
041
_a
eng
080
_a
003
100
_a
23
101
_a
EMC
245
_a
THE WORLD BOOK ENCYCLOPEDIA
_c
TOMAS.M
942
_2
udc
_c
BK
999
_c
20097
_d
20097